Online Catalogue and eLibrary

Nawa kavi saraniya (Record no. 4853)

MARC details
000 -LEADER
fixed length control field 00393nam a2200145Ia 4500
005 - DATE AND TIME OF LATEST TRANSACTION
control field 20250701015054.0
008 - FIXED-LENGTH DATA ELEMENTS--GENERAL INFORMATION
fixed length control field 240331s9999 xx 000 0 und d
082 ## - DDC Classification
Item Number - Author Mark DIS
Class No. 891
100 ## - MAIN ENTRY--PERSONAL NAME
Personal name Dissanayake,W
245 #0 - TITLE STATEMENT
Title Nawa kavi saraniya
260 ## - PUBLICATION, DISTRIBUTION, ETC.
Place of publication, distribution, etc. Colombo
Name of publisher, distributor, etc. Pradeepa Publishers
300 ## - PHYSICAL DESCRIPTION
Extent (e.g. Volumes, Pages etc.) 135 p .,w
500 ## - GENERAL NOTE
General note A P.O.S (Advanced Level) Examination Scheduled - The new poet
942 ## - Koha item type (Biblio)
Koha item type Books in Stacks (Lending)
Holdings
Lost status Damaged status Collection code Home library Current library Shelving location Date acquired Full call number Accession Number Item type
    Lending WERC Library WERC Library Social Science Cupboard 03/31/2024 891.48 DIS 1393 Books in Stacks (Lending)

© WERC Library